The south African way of life : (Record no. 129665)

MARC details
000 -LEADER
fixed length control field 00670nam a22002177a 4500
005 - DATE AND TIME OF LATEST TRANSACTION
control field 20170124110100.0
010 ## - LIBRARY OF CONGRESS CONTROL NUMBER
LC control number 038893
020 ## - INTERNATIONAL STANDARD BOOK NUMBER
Terms of availability 00.00
035 ## - SYSTEM CONTROL NUMBER
System control number 038893
037 ## - SOURCE OF ACQUISITION
Source of stock number/acquisition Cen Lib/Ret
040 ## - CATALOGING SOURCE
Original cataloging agency DPL
Language of cataloging EN
082 ## - DEWEY DECIMAL CLASSIFICATION NUMBER
Classification number 968
Item number CAL
245 ## - TITLE STATEMENT
Title The south African way of life :
Statement of responsibility, etc edited by G.H. Calpin
Remainder of title values and ideals of a multi-racial society /
260 ## - PUBLICATION, DISTRIBUTION, ETC. (IMPRINT)
Place of publication, distribution, etc Melbourne
Name of publisher, distributor, etc William Heinemann Ltd.
Date of publication, distribution, etc 1953
270 ## - ADDRESS
Address Melbourne
City Melbourne
300 ## - PHYSICAL DESCRIPTION
Extent 200p. :
Dimensions 20cm(Hb)
Other physical details ill.
650 ## - SUBJECT ADDED ENTRY--TOPICAL TERM
Topical term or geographic name as entry element Political science
9 (RLIN) 108942
650 ## - SUBJECT ADDED ENTRY--TOPICAL TERM
Topical term or geographic name as entry element Social history
Geographic subdivision South Africa
9 (RLIN) 27068
700 ## - ADDED ENTRY--PERSONAL NAME
Personal name Calpin, G. H.
9 (RLIN) 27066
942 ## - ADDED ENTRY ELEMENTS (KOHA)
Source of classification or shelving scheme Dewey Decimal Classification
Koha item type English Books
Classification part 968
Call number suffix CAL
Holdings
Withdrawn status Lost status Damaged status Not for loan Home library Current library Date acquired Source of acquisition Cost, normal purchase price Total Checkouts Full call number Barcode Date last seen Copy number Cost, replacement price Price effective from Koha item type
        Central Library Central Library 07/07/2015 Cen Lib/Ret 0.00   968 CAL 038893 07/07/2015 1 0.00 07/07/2015 English Books

© Delhi Public Library
Hit Counter
free hit counter